000 01215nam a22002657a 4500
001 3449
003 FISKH
005 20250324141124.0
008 240306b cb ||||| |||| 00| 0 eng d
020 _a9780198392880
040 _aFISKH
_beng
_cFISKH
_dFISKH
050 _aPZ7
082 _a428.24
100 _aAkhurst, Christ
245 _aEnglish as a second language for Cambridge IGCSERG /
_cChrist Akhurst ; Lucy Bowly ; Brian Dyer ; Dean Roberts
260 _aUK :
_bOxford,
_c2014.
300 _a259 pages :
_bcolor illustrations ;
_c28 cm
520 _aMatched to the Cambridge IGCSE syllabus, this comprehensive resource helps learners acquire crucial English language skills. Exam-style audio material can be found on the accompanying CD, so students can get realistic listening practice, including practice of the 'listening for inference' component - a crucial requirement of the latest syllabus. Exam practice is integrated throughout, driving top achievement in the four key skills.
650 _aEnglish Second Languages
_xCambridge
700 _aBowly, Lucy
_eAuthor
700 _aDyer, Brian
_eAuthor
700 _aRoberts, Dean
_eAuthor
942 _2ddc
_cBK
_n0
999 _c3449
_d3449